Villa Nova de Gaia (Record no. 167043)

MARC details
000 -LEADER
campo de control de longitud fija 00854nam a2200193 i 4500
001 - NÚMERO DE CONTROL
campo de control 167043
003 - IDENTIFICADOR DE NÚMERO DE CONTROL
campo de control ES-MaACL
005 - FECHA Y HORA DE LA ÚLTIMA TRANSACCIÓN
campo de control 20240426103828.0
008 - DATOS DE LONGITUD FIJA--INFORMACIÓN GENERAL
campo de control de longitud fija 050923s1868 po | |||||||| ||por d
040 ## - FUENTE DE CATALOGACIÓN
Centro catalogador/agencia de origen CAM
Lengua de catalogación spa
Centro/agencia transcriptor CAM
100 1# - ENTRADA PRINCIPAL--NOMBRE DE PERSONA
Nombre de persona Vaz, Joâo.
9 (RLIN) 113341
245 10 - MENCIÓN DEL TÍTULO
Título Villa Nova de Gaia
Resto del título : romance /
Mención de responsabilidad, etc. por João Vaz de Evora; publicado segundo a edição de 1630 e acompanhado de um estudo sobre a transformação do romance anonymo no romance com fórma litteraria por Theophilo Braga.
260 ## - PUBLICACIÓN, DISTRIBUCIÓN, ETC.
Lugar de publicación, distribución, etc. Coimbra :
Nombre del editor, distribuidor, etc. [s.n.],
Fecha de publicación, distribución, etc. 1868 (
Fabricante Imprensa Litteraria)
300 ## - DESCRIPCIÓN FÍSICA
Extensión 40 p. ;
Dimensiones 23 cm.
594 ## - Nota al título y mención de responsabilidad
Nota al título y mención de responsabilidad Precede al tit. en la cub. original: Raridade Bilbiographica.
700 1# - ENTRADA AGREGADA--NOMBRE PERSONAL
Nombre de persona Braga, Teófilo,
Fechas asociadas al nombre 1843-1924
9 (RLIN) 31276
852 ## - LOCALIZACIÓN
Ubicación ES-MaACL
Número de control de estantería T-700-F-12
Nota libre -- Enc. hol. conservando la cub. original
-- -- Enc. en un vol. facticio
Holdings
Estatus retirado Estado de pérdida Estado de daño No para préstamo Colección Biblioteca de origen Biblioteca actual Ubicación en estantería Fecha de adquisición Total de préstamos Signatura topográfica completa Código de barras Visto por última vez Precio de reemplazo Tipo de ítem Koha
        Colección de folletos Biblioteca del Ateneo de Madrid Biblioteca del Ateneo de Madrid Depósito folletos 17/01/2008   T-700-F-12 1175224 23/02/2023 23/02/2023 Folleto